Mana v Adhikar evam Antarrashtriya Vidhi/ (Record no. 1238398)

MARC details
000 -LEADER
fixed length control field 00597nam a22002177a 4500
005 - DATE AND TIME OF LATEST TRANSACTION
control field 20250211162414.0
008 - FIXED-LENGTH DATA ELEMENTS--GENERAL INFORMATION
fixed length control field 250211b |||||||| |||| 00| 0 eng d
037 ## - SOURCE OF ACQUISITION
Terms of availability LCT
040 ## - CATALOGING SOURCE
Original cataloging agency LCT
Transcribing agency LCT
041 ## - LANGUAGE CODE
Language code of text/sound track or separate title hindi
084 ## - COLON CLASSIFICATION NUMBER
Classification number Z1 152Q14;4
100 ## - MAIN ENTRY--PERSONAL NAME
Personal name Kapoor, S.K.
245 ## - TITLE STATEMENT
Title Mana v Adhikar evam Antarrashtriya Vidhi/
Medium (Hindi)
250 ## - EDITION STATEMENT
Edition statement 30th ed.
260 ## - PUBLICATION, DISTRIBUTION, ETC.
Place of publication, distribution, etc. Allahabad
Name of publisher, distributor, etc. Central Law Agency
Date of publication, distribution, etc. 2014
300 ## - PHYSICAL DESCRIPTION
Extent lxvi, 1066p.
650 ## - SUBJECT ADDED ENTRY--TOPICAL TERM
Topical term or geographic name entry element Law
650 ## - SUBJECT ADDED ENTRY--TOPICAL TERM
Topical term or geographic name entry element Human rights
650 ## - SUBJECT ADDED ENTRY--TOPICAL TERM
Topical term or geographic name entry element International relation
942 ## - ADDED ENTRY ELEMENTS (KOHA)
Source of classification or shelving scheme Colon Classification (CC)
Koha item type Textbook
Classification part Z1 152Q14;4
Suppress in OPAC No
Holdings
Withdrawn status Lost status Source of classification or shelving scheme Damaged status Not for loan Collection Home library Current library Date acquired Source of acquisition Cost, normal purchase price Inventory number Total Checkouts Full call number Barcode Date last seen Price effective from Koha item type
    Colon Classification (CC)     Non-fiction Law Centre-II Library Law Centre-II Library 2025-02-11 Pacific law Publisher 550.00 101/20.10.2015   Z1 152Q14;4 LT0025271 2025-02-11 2025-02-11 Textbook
    Colon Classification (CC)     Non-fiction Law Centre-II Library Law Centre-II Library 2025-02-11 Pacific law Publisher 550.00 101/20.10.2015   Z1 152Q14;4 LT0025272 2025-02-11 2025-02-11 Textbook
    Colon Classification (CC)     Non-fiction Law Centre-II Library Law Centre-II Library 2025-02-11 Pacific law Publisher 550.00 101/20.10.2015   Z1 152Q14;4 LT0025273 2025-02-11 2025-02-11 Textbook
    Colon Classification (CC)     Non-fiction Law Centre-II Library Law Centre-II Library 2025-02-11 Pacific law Publisher 550.00 101/20.10.2015   Z1 152Q14;4 LT0025274 2025-02-11 2025-02-11 Textbook
    Colon Classification (CC)     Non-fiction Law Centre-II Library Law Centre-II Library 2025-02-11 Pacific law Publisher 550.00 101/20.10.2015   Z1 152Q14;4 LT0025275 2025-02-11 2025-02-11 Textbook
Copyright @ Delhi University Library System